000
00218 a2200097 4500
001
51870
100
_a
Schiller S
245
_a
Electronic Beam Technology
260
_a
New York
_b
John Wiley
_c
090
_c
32759
_d
32759
942
_a
NUST-CAE
_c
M
_c
25290
999
_c
286943
_d
286943